The life and times of La Meri : (Record no. 51362)

MARC details
000 -LEADER
fixed length control field 01367nam a22002654a 4500
005 - DATE AND TIME OF LATEST TRANSACTION
control field 20110401123255.0
010 ## - LCCN (DPL NO)
LC control number B-425060
020 ## - INTERNATIONAL STANDARD BOOK NUMBER
International Standard Book Number 8173052921
Terms of availability 900.00
035 ## - SYSTEM CONTROL NUMBER
System control number B-425060
037 ## - SOURCE OF ACQUISITION
Source of stock number/acquisition Researchco Book Centre
082 ## - DEWEY DECIMAL CLASSIFICATION NUMBER
Classification number 793.31
100 1# - MAIN ENTRY--PERSONAL NAME
Personal name Venkateswaran, Usha
245 14 - TITLE STATEMENT
Title The life and times of La Meri :
Remainder of title the queen of ethnic dance /
Statement of responsibility, etc a monograph by Usha Venkateswaran
260 ## - PUBLICATION, DISTRIBUTION, ETC. (IMPRINT)
Place of publication, distribution, etc New Delhi
Name of publisher, distributor, etc Indira Gandhi National Centre for the Arts :
-- Aryan Books International
Date of publication, distribution, etc 2005
270 ## - ADDRESS
Address Pooja Apartments, 4B, Ansari Road, Darya Ganj
City New Delhi
Postal code 110002
300 ## - PHYSICAL DESCRIPTION
Extent xv, 112 p. :
Other physical details ill.
Dimensions 29cm(Hb)
500 ## - GENERAL NOTE
General note "Research material on 'La Meri' in the New York Public Library for the Performing Arts, Lincoln Centre, New York": p. [111]-112.
504 ## - BIBLIOGRAPHY, ETC. NOTE
Bibliography, etc Includes bibliographical references.
600 00 - SUBJECT ADDED ENTRY--PERSONAL NAME
Personal name La Meri,
Dates associated with a name 1898-1988.
650 #0 - SUBJECT ADDED ENTRY--TOPICAL TERM
Topical term or geographic name as entry element Dancers
Form subdivision Biography.
710 2# - ADDED ENTRY--CORPORATE NAME
Corporate name or jurisdiction name as entry element Indira Gandhi National Centre for the Arts.
9 (RLIN) 26941
942 ## - ADDED ENTRY ELEMENTS (KOHA)
Source of classification or shelving scheme Dewey Decimal Classification
Item type English Books
Call number suffix VEN
Classification part 793.31
Holdings
Withdrawn status Lost status Not for loan Collection code Home library Current library Date acquired Source of acquisition Cost, normal purchase price Full call number Barcode Copy number Cost, replacement price Koha item type
      Non-fiction Central Library Central Library 09/08/2011 Researchco Book Centre/RBC-22386/2011-12/14.3.11/76/4.3.11/23.3.11 900.00 793.31 VEN B-425060 1 900.00 English Books

© Delhi Public Library
Hit Counter
free hit counter